Państwa Ameryki - nagła śmierć - Statystyki

Ogólne statystyki
  • Ten quiz został rozwiązany 1 694 razy
  • Średni wynik to 14 z 17
Answers on the Grid
Answers color-coded by a green-red scale on the quiz's grid according to % correct below.
Liberia
Grenada
Brazylia
Samoa
Tajwan
Cypr
Gujana
Meksyk
Kanada
Armenia
Liechtenstein
Sierra Leone
Saint Kitts
i Nevis
Bahamy
Estonia
Słowacja
Honduras
Salwador
Malta
Iran
Barbados
Szwecja
Kuba
Urugwaj
Chile
Fidżi
Nikaragua
Belize
Lesotho
Saint Lucia
Belgia
Peru
 
Statystyki odpowiedzi
Odpowiedź % Poprawnych
Brazylia
93%
Meksyk
89%
Kanada
87%
Chile
83%
Honduras
83%
Kuba
83%
Barbados
82%
Peru
82%
Salwador
82%
Bahamy
81%
Grenada
80%
Urugwaj
80%
Gujana
79%
Saint Kitts
i Nevis
78%
Nikaragua
77%
Saint Lucia
74%
Belize
73%
Nie znaleziono quizów pasujących do podanych kryteriów
Rozkład punktacji
Procent ludzi z każdym wynikiem
Percentyl według liczby udzielonych odpowiedzi
Twoja historia wyników
Nie rozwiązałeś tego quizu